Electrónica : teoría de circuitos

محفوظ في:
التفاصيل البيبلوغرافية
المؤلف الرئيسي: Boylestad, Robert L.
مؤلفون آخرون: Nashelsky, Louis
التنسيق: كتاب
اللغة:Spanish
منشور في: México : Prentice Hall Hispanoamericana, 1983.
الموضوعات:
الوسوم: إضافة وسم
لا توجد وسوم, كن أول من يضع وسما على هذه التسجيلة!

MARC

LEADER 00000nam a2200000Ia 4500
003 L000401
005 20221231143940.0
008 140114s1983 mx a 000 ||spa d
020 |a 9688800031 
040 |c cru CEDI 
050 |a  621.381.5 B792e 
082 |a 621.381.5 B792e 
100 |a Boylestad, Robert L.  |9 19249 
245 |a Electrónica : teoría de circuitos  
260 |a México : Prentice Hall Hispanoamericana,  |c  1983. 
300 |a xv, 784 páginas : ilustraciones ; 24 cm 
650 |x CIRCUITOS ELECTRONICOS  |9 19311 
700 |9 19250  |a Nashelsky, Louis 
942 |2 ddc  |c BK 
999 |c 14648  |d 14648